01010nam a22002775a 450000500170000000800410001702000180005802000150007604000280009108200190011924500890013825000310022726000560025830000360031450000260035050400410037665000430041765000170046065100100047765300230048765500240051070000400053494200080057499900170058295201330059920151017091412.0151015t2014 nyua frb 001 0 eng d a9781259255557 a1259255557 aEG-ScBUEbengcEG-ScBUE04a615.1bDRU22200aDrug information :ba guide for pharmacists /ceditor Patrick M. Malone ... [et al.] a5th ed., International ed. aNew York :bMcGraw Hill Education Medical,cc.2014. axxvi, 1317 p. :bill. ;c24 cm. aIndex : p. 1269-1317. aIncludes bibliographical references. 0aPharmacyxInformation services.2BUEsh 0aDrug.2BUEsh 2BUEsh bPPhrmcOctober2015 vReading book9342321 aMalone, Patrick M.,d1954-eeditor. 2ddc c20926d20898 00102ddc40708BaccahaMAINbMAINc1STd2015-10-15ePurchasel1m11o615.1 DRUp000039941r2025-07-15 00:00:00s2016-12-13yBB